An introductory view of management

Saved in:
Bibliographic Details
Main Author: Drucker, Peter F. (Peter Ferdinand), 1909-2005
Format: Book
Language:English
Published: New York : Harper's College, c1977
Subjects:
Tags: Add Tag
No Tags, Be the first to tag this record!

MARC

LEADER 00000cam a2200000 i 4500
001 1/37546
008 061112s1977 eng d
020 |a 0-06-166402-2 
035 |l 10086117 
040 |a GR-MY-UA  |b gre  |e aacr 
041 0 |a eng 
082 0 |a 658.4  |2 (22) 
100 1 |a Drucker, Peter F.   |q (Peter Ferdinand),   |d 1909-2005. 
245 1 3 |a An introductory view of management /  |c Peter F. Drucker 
260 |a New York :   |b Harper's College,   |c c1977 
300 |a 588 σ.;  |c 24 εκ. 
504 |a Περιλαμβάνει βιβλιογραφία και ευρετήριο 
650 0 0 |a Management. 
852 |a INST  |b CHIOS  |e 20061112  |h 658.4 DRU  |p 005200026751  |q 005200026751  |t BK  |y 0 
901 |a BIBL2-2006-3 
970 |a ΒΑΣΙΛΑΚΗ  |b ΝΙΚΗ  |z 2006/11/12